An American girl in London : (Record no. 1836)

MARC details
000 -LEADER
fixed length control field 02730cam a22004457i 4500
001 - CONTROL NUMBER
control field data
005 - DATE AND TIME OF LATEST TRANSACTION
control field 20260322212120.0
008 - FIXED-LENGTH DATA ELEMENTS--GENERAL INFORMATION
fixed length control field data
035 ## - SYSTEM CONTROL NUMBER
System control number 20226272
010 ## - LIBRARY OF CONGRESS CONTROL NUMBER
LC control number 2017446991
020 ## - INTERNATIONAL STANDARD BOOK NUMBER
International Standard Book Number 9781623368159
020 ## - INTERNATIONAL STANDARD BOOK NUMBER
International Standard Book Number 1623368154
035 ## - SYSTEM CONTROL NUMBER
System control number (OCoLC)978291342
040 ## - CATALOGING SOURCE
Original cataloging agency IG$
Language of cataloging eng
Transcribing agency IG$
Description conventions rda
Modifying agency DLC
-- CLE
-- JAI
-- DCH
-- OCLCQ
-- OCLCF
-- CZA
-- SINLB
-- OCLCQ
-- NZAUC
-- OCLCO
-- DLC
042 ## - AUTHENTICATION CODE
Authentication code lccopycat
050 00 - LIBRARY OF CONGRESS CALL NUMBER
Classification number TX714
Item number .H469 2017
082 04 - DEWEY DECIMAL CLASSIFICATION NUMBER
Classification number 641.5
Edition information 23
100 1# - MAIN ENTRY--PERSONAL NAME
Personal name Hermer, Marissa,
Relator term author.
245 13 - TITLE STATEMENT
Title An American girl in London :
Remainder of title 120 nourishing recipes for your family from a Californian expat /
Statement of responsibility, etc. Marissa Hermer.
264 #1 - PRODUCTION, PUBLICATION, DISTRIBUTION, MANUFACTURE, AND COPYRIGHT NOTICE
Place of production, publication, distribution, manufacture New York :
Name of producer, publisher, distributor, manufacturer Rodale,
Date of production, publication, distribution, manufacture, or copyright notice [2017]
264 #4 - PRODUCTION, PUBLICATION, DISTRIBUTION, MANUFACTURE, AND COPYRIGHT NOTICE
Date of production, publication, distribution, manufacture, or copyright notice ©2017
300 ## - PHYSICAL DESCRIPTION
Extent xi, 243 pages :
Other physical details color illustrations ;
Dimensions 26 cm
336 ## - CONTENT TYPE
Content type term text
Content type code txt
Source rdacontent
337 ## - MEDIA TYPE
Media type term unmediated
Media type code n
Source rdamedia
338 ## - CARRIER TYPE
Carrier type term volume
Carrier type code nc
Source rdacarrier
500 ## - GENERAL NOTE
General note Includes index.
520 ## - SUMMARY, ETC.
Summary, etc. "For Marissa Hermer, star of Bravo's hit show Ladies of London, a house just isn t ahome until pots are simmering on the stove and a roast is fragrant in the oven. And growing up in Southern California, she ate avocados picked from her grandmother s tree and freshly caught fish from Newport Beach.So when she followed the love of her life to London in 2008, Hermer wasn't quite sure what to expect. On one of their first dates, now-husband Matt took her to the popular Notting Hill location of his beloved Bumpkin restaurant, which features a traditional British seasonal menu using sustainable ingredients. Hermer was immediately inspired: She started incorporating California twists into English fare, delighting her two boys at home and eventually, Bumpkin fans all over London. An American Girl inLondon is the ultimate cookbook for anyone looking for wholesome, family-friendly fare with a healthy twist the recipes spotlight unprocessed, sustainable, and fresh ingredients. From a flavorful sourdough bread and butter pudding to a rich Beef Wellington, Hermer shows you how to amp up the flavors of home and keep you, your family, and friends feeling fit, loved, and completely nourished." -- provided by publisher.
650 #0 - SUBJECT ADDED ENTRY--TOPICAL TERM
Topical term or geographic name entry element Cooking.
650 #0 - SUBJECT ADDED ENTRY--TOPICAL TERM
Topical term or geographic name entry element Cooking, American.
650 #0 - SUBJECT ADDED ENTRY--TOPICAL TERM
Topical term or geographic name entry element Cooking, British.
650 #7 - SUBJECT ADDED ENTRY--TOPICAL TERM
Topical term or geographic name entry element Cooking.
Source of heading or term fast
Authority record control number or standard number (OCoLC)fst01754966
650 #7 - SUBJECT ADDED ENTRY--TOPICAL TERM
Topical term or geographic name entry element Cooking, American.
Source of heading or term fast
Authority record control number or standard number (OCoLC)fst01753224
650 #7 - SUBJECT ADDED ENTRY--TOPICAL TERM
Topical term or geographic name entry element Cooking, British.
Source of heading or term fast
Authority record control number or standard number (OCoLC)fst01753263
655 #7 - INDEX TERM--GENRE/FORM
Genre/form data or focus term Cookbooks.
Source of term fast
Authority record control number or standard number (OCoLC)fst01752725
655 #7 - INDEX TERM--GENRE/FORM
Genre/form data or focus term Cookbooks.
Source of term lcgft
906 ## - LOCAL DATA ELEMENT F, LDF (RLIN)
a 7
b cbc
c copycat
d 2
e ncip
f 20
g y-gencatlg
925 0# -
-- acquire
-- 1 shelf copy
-- policy default
925 1# -
-- acquire
-- 1 shelf copies
-- policy default
Holdings
Withdrawn status Lost status Damaged status Not for loan Home library Current library Shelving location Date acquired Total checkouts Full call number Barcode Date last seen Price effective from Koha item type
        Centerville Centerville General stacks 22/03/2026   641.5 LOC-CPL-00004 22/03/2026 22/03/2026 Books